Loading...
| Science - Physics | 0 | 4 | 1 | 4 | 35 | 110 | 116.75 | 1 | 2 | 0.00 | 0.00 |
| History - American | 0 | 3 | 0 | 1 | 30 | 113 | 118.33 | 0 | 1 | 0.00 | 0.00 |
| Science - Other | 0 | 3 | 1 | 2 | 25 | 91 | 109.67 | 0 | 2 | 0.00 | 0.00 |
| Science - Chemistry | 0 | 2 | 0 | 1 | 20 | 100 | 102.00 | 0 | 2 | 0.00 | 0.00 |
| Geography | 0 | 1 | 0 | 0 | 10 | 120 | 120.00 | 0 | 1 | 0.00 | 0.00 |
| History - European | 0 | 1 | 1 | 1 | 5 | 129 | 129.00 | 0 | 1 | 0.00 | 0.00 |
| History - Other | 0 | 1 | 1 | 1 | 5 | 125 | 125.00 | 0 | 1 | 0.00 | 0.00 |
| Religion | 0 | 1 | 1 | 0 | 5 | 123 | 123.00 | 1 | 1 | 0.00 | 0.00 |
| Literature - World | 0 | 0 | 0 | 0 | 0 | 0.00 | 0 | 0 | 0.00 | 0.00 | |
| History - World | 0 | 0 | 0 | 0 | 0 | 0.00 | 0 | 0 | 0.00 | 0.00 | |
| Fine Arts - Classical Music | 0 | 0 | 0 | 0 | 0 | 0.00 | 0 | 0 | 0.00 | 0.00 | |
| Philosophy | 0 | 0 | 0 | 0 | 0 | 0.00 | 0 | 0 | 0.00 | 0.00 | |
| Science - Biology | 0 | 0 | 0 | 0 | 0 | 0.00 | 0 | 0 | 0.00 | 0.00 |